Squadre al terzo posto Serie A per solo una volta - Statistics

Statistiche generali
  • Questo quiz è stato fatto 13 volte
  • Il punteggio medio è 3 su 5
Statistiche sulle risposte
Stagione del terzo posto Squadra % Corretto
1937-1938 Genoa
82%
1993-1994 Sampdoria
73%
1941-1942 Venezia
73%
1946-1947 Modena
64%
1957-1958 Padova
45%
Nessun quiz corrispondente trovato
Distribuzione punteggi
Percentuale di utenti per punteggio
Percentile per numero di risposta
I tuoi punteggi nel tempo
Non hai fatto questo quiz